| 000 | 00483nam a2200181Ia 4500 | ||
|---|---|---|---|
| 005 | 20250508152556.0 | ||
| 008 | 008 250505s9999 xx 000 0 hin d | ||
| 037 | _aTextual | ||
| 040 |
_aFEDL _beng _cFEDL |
||
| 041 |
_ahin _2hin |
||
| 084 |
_a891.433, PAN _qFEDL |
||
| 100 |
_aPandit Narayan _9395583 |
||
| 245 | 0 | _aHitopradesh | |
| 260 |
_aDelhi, India _bRajpal and Sons _c1954 |
||
| 300 | _a164p. | ||
| 942 |
_cTEXL _h891.433, PAN |
||
| 999 |
_c1337353 _d1337353 |
||